Normal view
MARC view
Entry Personal Name
001 - CONTROL NUMBER
- control field: 154029
003 - CONTROL NUMBER IDENTIFIER
- control field: OSt
005 - DATE AND TIME OF LATEST TRANSACTION
- control field: 20240313103701.0
008 - FIXED-LENGTH DATA ELEMENTS
- fixed length control field: 240313|| aca||aabn | a|a d
040 ## - CATALOGING SOURCE
- Original cataloging agency: OSt
- Transcribing agency: OSt
100 ## - HEADING--PERSONAL NAME
- Personal name: Bibin Varghese Cherian
670 ## - SOURCE DATA FOUND
- Source citation: Work cat.: (OSt)230260: Bibin Varghese Cherian, Labour in the Production of Tea with Special Reference to Elstone Tea Estate, 2001